Wuthering heights

Saved in:
Bibliografiske detaljer
Hovedforfatter: Brontë, Emily (Author)
Format: Bog
Sprog:engelsk
Udgivet: Harmondsworth Penguin Books 1963
Serier:Penguin Books, 524
Fag:
Tags: Tilføj Tag
Ingen Tags, Vær først til at tagge denne postø!

MARC

LEADER 00000nam a2200000 a 4500
001 UCR3340
003 CL-VaPUC
008 980124e19630000uk |||||||||||||||||eng|d
082 0 4 |a 823  |b BRO  |2 21 
100 0 |a Brontë, Emily  |e author  |9 332916 
245 1 0 |a Wuthering heights 
300 |a 281 p 
942 |c BK 
945 |d 19980124 00:00:00  |a aolguin 
260 |a Harmondsworth  |b Penguin Books  |c 1963 
650 0 |a Novelas inglesas  |9 265220 
650 0 |a Literatura inglesa  |9 312907 
583 |a last modification  |c 20171204 04:00:28  |k Rodrigo Vera 
490 0 |a Penguin Books, 524 
999 |c 266423  |d 266421 
952 |0 0  |1 0  |4 0  |6 823_000000000000000_BRO_1963  |7 0  |8 A  |9 298005  |a BIBEDU  |b BIBEDU  |d 2019-11-20  |i 1939424  |l 2  |m 4  |o 823 BRO 1963  |p 1939424  |r 2024-05-07  |s 2024-04-22  |w 2019-11-20  |y BK  |k LIT